[Event "I Capablanca IM"]
[Site "SchemingMind.com"]
[Date "2023.10.11"]
[Round "-"]
[White "palberto1963"]
[Black "Ilang"]
[Result "1/2-1/2"]
[WhiteCountry "ESP"]
[BlackCountry "HUN"]
[WhiteElo "2533"]
[WhiteRD "91"]
[BlackElo "2500"]
[BlackRD "69"]
[GameID "738009"]

1. d4 Nf6 2. c4 e6 3. Nf3 d5 4. Nc3 Bb4 5. Bg5 h6 6. Bxf6 Qxf6 7. e3 O-O 8. Rc1 dxc4 9. Bxc4 c5 10. O-O cxd4
11. Ne4 Qe7 12. Nxd4 Bd7 13. Be2 Nc6 14. a3 Nxd4 15. Qxd4 Ba5 16. Qc5 Bd8 17. Qxe7 Bxe7 18. Rc7 Rfd8 19. Rxb7 Rab8 20. Rxb8 Rxb8
21. b4 Rc8 22. Rd1 Ba4 23. Rb1 Rc6 24. Bf3 Rc4 25. g3 Kf8=
1/2-1/2

[Event "I Capablanca IM"]
[Site "SchemingMind.com"]
[Date "2023.10.11"]
[Round "-"]
[White "Ilang"]
[Black "The Chess Machine"]
[Result "0-1"]
[WhiteCountry "HUN"]
[BlackCountry "ENG"]
[WhiteElo "2485"]
[WhiteRD "77"]
[BlackElo "2489"]
[BlackRD "69"]
[GameID "738037"]

1. e4 c5 2. Nf3 d6 3. d4 cxd4 4. Nxd4 Nf6 5. Nc3 a6 6. f3 e5 7. Nb3 Be6 8. Be3 h5 9. Qd2 Nbd7 10. Nd5 Bxd5
11. exd5 g6 12. O-O-O Nb6 13. Kb1 Nbxd5 14. Bg5 Be7 15. g3 Nb6 16. Bxf6 Bxf6 17. Qxd6 h4 18. g4 Na4 19. Bc4 Qxd6 20. Rxd6 Be7
21. Rdd1 Nb6 22. Nd2 Bg5 23. Be2 Bf4 24. Ne4 Rd8 25. Nd6+ Ke7 26. Nxb7 Rxd1+ 27. Bxd1 Rc8 28. Na5 Kf6 29. Be2 Kg5 30. Nb7 e4
31. fxe4= Nc4 32. Bxc4 Rxc4 33. h3 Bc7 34. Rf1 Rxe4 35. a4 Re3 36. Rxf7 Be5 37. Nc5 Rxh3 38. Ne4+ Kxg4 39. Nf2+ Kg3 40. Nxh3 Kxh3
41. c4 g5 42. Rf5 Bf4 43. c5 Kg4 44. Rd5 h3 45. b4 h2 46. Rd1 Kf3 47. b5 a5 48. b6 Be3 49. b7 Bf4 50. Kc2 Bb8
51. Rd3+ Kg4 52. Rd4+ Kf5 53. Rd1 g4 54. Rd5+ Ke6 55. Rd6+ Ke5 56. Rd8 h1=Q 57. Rxb8 Qc6
0-1

[Event "I Capablanca IM"]
[Site "SchemingMind.com"]
[Date "2023.10.12"]
[Round "-"]
[White "The Chess Machine"]
[Black "trazadora"]
[Result "1/2-1/2"]
[WhiteCountry "ENG"]
[BlackCountry "CUB"]
[WhiteElo "2493"]
[WhiteRD "66"]
[BlackElo "2523"]
[BlackRD "87"]
[GameID "738038"]

1. d4 d5 2. c4 e6 3. Nc3 Nf6 4. cxd5 exd5 5. Bg5 c6 6. Qc2 h6 7. Bh4 Be6 8. e3 Nbd7 9. f3 Be7 10. Bd3 O-O
11. Nge2 Nb6 12. O-O Rc8 13. Rad1 Bd7 14. Kh1 Re8 15. b3 Nh5 16. Bf2 c5 17. Qb2 Bh4 18. dxc5 Bxf2 19. cxb6 Bxe3 20. Nxd5 Bxb6
21. g4 Nf6 22. Nxf6+ Qxf6 23. Qxf6 gxf6 24. Ng3 Kf8 25. Kg2 Red8 26. Be4 Be6 27. Rfe1 Rxd1 28. Rxd1 Ba5 29. h3 b5 30. Nf5 Bxf5
31. Bxf5 Rd8 32. Rxd8+ Bxd8 33. Bd7=
1/2-1/2

[Event "I Capablanca IM"]
[Site "SchemingMind.com"]
[Date "2023.10.13"]
[Round "-"]
[White "Carlos Vila Hernández"]
[Black "The Chess Machine"]
[Result "1-0"]
[WhiteCountry "CUB"]
[BlackCountry "ENG"]
[WhiteElo "2555"]
[WhiteRD "85"]
[BlackElo "2489"]
[BlackRD "69"]
[GameID "738039"]

1. d4 Nf6 2. c4 Nc6 3. Nf3 e6 4. a3 d6 5. Nc3 g6 6. e4 Bg7 7. Bg5 h6 8. Be3 Ng4 9. Bc1 O-O 10. h3 Nf6
11. Be3 e5 12. d5 Nd4 13. Nxd4 exd4 14. Qxd4 Qe7 15. O-O-O Re8 16. f3 Ng4 17. hxg4 Bxd4 18. Rxd4 f6 19. Rd1 g5 20. Bd3 Kg7
21. Ne2 Bd7 22. Ng3 Rh8 23. Bd4 Kg8 24. c5 Rh7 25. Bc3 a5 26. Kb1 Be8 27. Nf5 Qf8 28. Nd4 Bd7 29. c6 Bc8 30. Ka1 bxc6
31. dxc6 Ba6 32. Bb1 Bc4 33. g3 Re8 34. f4 d5 35. exd5 Bxd5 36. fxg5 Bxh1 37. Rxh1 Re3 38. Bd2 Rxa3+ 39. bxa3 Qc5 40. Ba2+ Rf7
41. Nf5 Qe5+ 42. Kb1 Qb5+ 43. Kc2 Qxc6+ 44. Kd3 Kf8 45. Bxf7 Qf3+ 46. Ne3 Qxh1 47. g6 Qb1+ 48. Kc3 Qa1+ 49. Kc2 Qxa3 50. Nf5 Qc5+
51. Kd1 Qg1+ 52. Ke2 Qg2+ 53. Kd3 Qf3+ 54. Be3
1-0

[Event "I Capablanca IM"]
[Site "SchemingMind.com"]
[Date "2023.10.12"]
[Round "-"]
[White "MichaelChess"]
[Black "The Chess Machine"]
[Result "1/2-1/2"]
[WhiteCountry "CUB"]
[BlackCountry "ENG"]
[WhiteElo "2481"]
[WhiteRD "81"]
[BlackElo "2503"]
[BlackRD "64"]
[GameID "738040"]

1. e4 c5 2. Nf3 d6 3. d4 cxd4 4. Nxd4 Nf6 5. Nc3 a6 6. Be3 e5 7. Nb3 Be6 8. Qd2 Nbd7 9. O-O-O Be7 10. f3 h5
11. Nd5 Nxd5 12. exd5 Bf5 13. Bd3 Bxd3 14. Qxd3 Bg5 15. Kb1 Bxe3 16. Qxe3 Rc8 17. h3 Qf6 18. g4 hxg4 19. fxg4 Qh6 20. Qe2 O-O
21. Nd2 Rc7=
1/2-1/2

[Event "I Capablanca IM"]
[Site "SchemingMind.com"]
[Date "2023.10.11"]
[Round "-"]
[White "The Chess Machine"]
[Black "Rommel85"]
[Result "1/2-1/2"]
[WhiteCountry "ENG"]
[BlackCountry "CUB"]
[WhiteElo "2503"]
[WhiteRD "64"]
[BlackElo "2546"]
[BlackRD "79"]
[GameID "738041"]

1. d4 d5 2. c4 c6 3. Nf3 Nf6 4. Nc3 dxc4 5. a4 Bf5 6. Ne5 Nbd7 7. Nxc4 Nb6 8. Ne5 a5 9. e3 Nbd7 10. Nc4 Qb8
11. f4 e6 12. Be2 h6 13. Bf3 Bb4 14. O-O Bh7 15. e4 O-O 16. e5 Nd5 17. Nxd5 cxd5 18. Ne3 f6 19. Bd2 fxe5 20. Bxb4 axb4
21. fxe5 Qd8 22. g3 Qa5 23. h4 Bg6 24. h5 Be4 25. Bxe4 Rxf1+ 26. Qxf1 dxe4 27. Qc4 Nf8 28. Rf1 Qxa4 29. Nf5 Qe8 30. g4 b5
31. Qb3 Qd8 32. Kg2 Qg5 33. Kg3=
1/2-1/2

[Event "I Capablanca IM"]
[Site "SchemingMind.com"]
[Date "2023.10.11"]
[Round "-"]
[White "The Chess Machine"]
[Black "Enri Arturo"]
[Result "1/2-1/2"]
[WhiteCountry "ENG"]
[BlackCountry "CUB"]
[WhiteElo "2493"]
[WhiteRD "66"]
[BlackElo "2553"]
[BlackRD "90"]
[GameID "738042"]

1. d4 Nf6 2. c4 e6 3. Nc3 Bb4 4. e3 d5 5. a3 Be7 6. Nf3 O-O 7. Bd3 dxc4 8. Bxc4 c5 9. O-O a6 10. dxc5 Bxc5
11. Qe2 b5 12. Ba2 Bb7 13. e4 Qc7 14. e5 Nfd7 15. Bf4 Bxf3 16. Qxf3 Nc6 17. Qg3 Bd4 18. Rad1 Rfd8 19. Bg5 Re8 20. Kh1 Bxc3
21. Qxc3 Rac8 22. f4 Ne7 23. Qxc7 Rxc7 24. Bh4 h5 25. Bf2 Nc5 26. g3 Rb8 27. Kg2 Ne4 28. Be1 Rc2+ 29. Kg1 Rxb2 30. Bb1 f5
31. exf6 Nxf6 32. Bc3=
1/2-1/2

[Event "I Capablanca IM"]
[Site "SchemingMind.com"]
[Date "2023.10.11"]
[Round "-"]
[White "CapaChess"]
[Black "The Chess Machine"]
[Result "1/2-1/2"]
[WhiteCountry "CUB"]
[BlackCountry "ENG"]
[WhiteElo "2526"]
[WhiteRD "56"]
[BlackElo "2489"]
[BlackRD "69"]
[GameID "738043"]

1. e4 c5 2. d4 cxd4 3. c3 dxc3 4. Nxc3 Nc6 5. Nf3 e6 6. Be2 d6 7. O-O Nf6 8. Qb3 Be7 9. h3 O-O 10. Rd1 Qc7
11. Bf4 Rd8 12. Rd2 h6 13. Rc1 a6 14. Qd1 Bf8 15. Bg3 Qe7 16. e5 dxe5 17. Rxd8 Qxd8 18. Qxd8 Nxd8 19. Na4 Nd5 20. Nxe5 b5
21. Nc5 Bxc5 22. Rxc5 Bb7 23. a3 Rc8 24. Rxc8 Bxc8 25. f4 f6=
1/2-1/2

[Event "I Capablanca IM"]
[Site "SchemingMind.com"]
[Date "2023.10.15"]
[Round "-"]
[White "The Chess Machine"]
[Black "palberto1963"]
[Result "1/2-1/2"]
[WhiteCountry "ENG"]
[BlackCountry "ESP"]
[WhiteElo "2503"]
[WhiteRD "64"]
[BlackElo "2531"]
[BlackRD "84"]
[GameID "738044"]

1. d4 d5 2. c4 c6 3. Nc3 Nf6 4. e3 e6 5. Nf3 Nbd7 6. Qc2 Bd6 7. Bd3 O-O 8. O-O dxc4 9. Bxc4 b5 10. Be2 Bb7
11. Rd1 Qc7 12. h3 b4 13. Na4 c5 14. dxc5 Bxc5 15. b3 Rac8 16. Nxc5 Nxc5 17. Bb2 Nfe4 18. Bc4 a5 19. Nd2 Nxd2 20. Rxd2 Na4
21. Bd4 e5 22. bxa4 Qxc4 23. Qxc4 Rxc4 24. Bb6 f6 25. Bxa5=
1/2-1/2